Statistics for Biggest Cities in the NATO by Letter - D

Click here to take the quiz!

General Stats

  • This quiz has been taken 56 times
  • The average score is 11 of 20

Answer Stats

RankPopulationCountryHintCity% Correct
11,317,000United StatesJFK assassination 1963Dallas
93%
16154,000FranceMustardDijon
91%
4673,000United StatesHenry Ford, MotownDetroit
89%
8544,000GermanyFrauenkirche (destroyed in WWII)Dresden
89%
6586,000GermanyFamous soccer club: Borussia...Dortmund
87%
3693,000United StatesMile-High cityDenver
85%
5612,000GermanyCapital of North Rhine-WestphaliaDüsseldorf
85%
12215,000United StatesCapital of IowaDes Moines
78%
10263,000United StatesIn the Research Triangle AreaDurham
57%
19140,000United StatesAgreement which ended the Bosnian WarDayton
54%
17148,000United KingdomLocated on the Firth of TayDundee
54%
11261,000United KingdomCenter for advanced transport manufacturingDerby
48%
9491,000GermanyWorld's biggest inland harborDuisburg
48%
13203,000HungaryCapital from 1944 to 1945, 'The Calvinist Rome'Debrecen
35%
15155,000GermanyAn element is named after this cityDarmstadt
28%
2930,000Turkey(Unofficial) capital of Turkish KurdistanDiyarbakir
24%
20134,000United StatesSuburb of 1), Little DDenton
17%
14186,000SpainThe Basque name for San SebastiánDonostia
17%
7557,000TurkeyIndustrial city, PamukkaleDenizli
13%
18148,000TurkeyNewest province, Black SeaDüzce
7%

Score Distribution

Percentile by Number Answered

Percent of People with Each Score

Your Score History

You have not taken this quiz